• 首页
  • 本馆介绍
  • 公告通知
  • 最新文献
  • 馆藏检索
  • 电子资源
  • 读者导购
  • 参考咨询
  • 我的图书馆
  • 登录
  • 详细信息显示
  • 放入我的书架
  • 预约/预借图书
  • 作者相关作品
  • 分类相关作品
  • 丛书相关作品
  • 出版社相关作品

书目信息

  • 表格格式
  • 工作单格式
  • 卡片格式
题名:
西文文献著录条例
    
 
作者: 顾犇 主编 ;中国图书馆学会《西文文献著录条例》修订组 编
分册:  
出版信息: 北京   科学技术文献出版社  2003
页数: 551页
开本: 26cm
丛书名:
单 册:
中图分类: G254.31
科图分类:
主题词: 图书馆学 , 图书馆事业
电子资源:
ISBN: 7-5023-4357-1
000 00902nam0 2200229 450
001 0751737301
005 20070728162225.70
010    @a7-5023-4357-1@b精装@dCNY138.00
100    @a20070725d2003 km y0chiy0120 ea
101 0  @achi
102    @aCN@b110000
200 1  @a西文文献著录条例@Axi wen wen xian zhu lu tiao li@e修订扩大版@f顾犇主编@Fgu ben zhu bian@g中国图书馆学会《西文文献著录条例》修订组[编]@Gzhong guo tu shu guan xue hui《xi wen wen xian zhu lu tiao li》xiu ding zu[bian]
210    @a北京@c科学技术文献出版社@d2003
215    @a551页@d26cm
517 1  @a修订扩大版@Axiu ding kuo da ban
606 0  @a图书馆学
606 0  @a图书馆事业
690    @aG254.31@v3
701  0 @a顾犇@Agu ben@4主编
712 02 @a中国图书馆学会《西文文献著录条例》修订组@Azhong guo tu shu guan xue hui《xi wen wen xian zhu lu tiao li》xiu ding zu@4编
801  0 @aCN@bPFT@c20070728
905    @a10447@dG254.31@e105
    
    西文文献著录条例:修订扩大版/顾犇主编/中国图书馆学会《西文文献著录条例》修订组[编].-北京:科学技术文献出版社,2003
    551页;26cm
    
    
    ISBN 7-5023-4357-1(精装):CNY138.00
    
●
相关链接 在E读中查询图书 在五车中查询图书 在当当中查询图书 在豆瓣中查询图书


正题名:西文文献著录条例     索取号:G254.31/105         预约/预借

序号 登录号 条形码 馆藏地/架位号 状态 备注
1 0784381   207843814   第一样本阅览室/ [索取号:G254.31/105] 在馆    
唐山师范学院图书馆 欢迎您!
大连网信软件有限公司© 版权所有